Responses for show #3284 - Thursday, December 10, 1998

Contestants

[<< previous game]

Budd Bailey, a sports reporter from Buffalo, New York

Linda Bird, a law student from Ann Arbor, Michigan

Gary Tish, an appliance technician from Decatur, Illinois (whose 1-day cash winnings total $13,600)

[next game >>]

Jeopardy! Round responses

CHRISTMAS CUSTOMS
"H"ISTORIC PEOPLE
RETIRED JERSEYS
HERBS & SPICE GIRLS
MATH CLASS
PROVERBS
    $100 8
Mistletoe

Gary
    $100 2
Hannibal

Linda
    $100 13
(G: Who is Lou Gehrig?)

Babe Ruth

GaryBudd
    $100 15
(Alex: Hold on a second, we have to take a break every once for commercials that provide the money that you players wind up winning, so we'll do that now!)

Ginger Spice

Budd
    $100 19
4

Gary
    $100 1
Bad news

Linda
    $200 9
Goose

Gary
    $200 3
Ho Chi Minh

Linda
    $200 14
Joe Montana

Linda
    $200 30
Herb Alpert

Linda
    $200 20
(Budd: What is 180?)
...
(Alex: 180 overall, but -90 for the right angle)

90

LindaBudd
    $200 7
While the sun shines

Budd
    $300 10
Japan

Gary
    $300 4
Adolf Hitler

Gary
    $300 16
Walter Payton

Budd
    $300 27
(L: What is "Punk Spice?")

"Scary Spice"

GaryLinda
    $300 24
Sphere

Linda
    $300 21
A silk purse

Linda
    $400 11
Creche

Budd
    $400 5
Hirohito

Linda
    $400 17
Gordie Howe

Budd
    $400 28
"Baby Spice"

Gary
    $400 25
(B: What is concentric?)

Congruent

GaryBudd
    $1,000 22
A home

Linda
    $500 12
Rockefeller Plaza

Linda
    $500 6
Harold II

Gary
    $500 18
(Alex: The only one to have three teams retire his jersey.)

Nolan Ryan

Budd
    $500 29
Herb Ritts

Triple Stumper
    $500 26
(less than a minute to go...)

Non-Euclidean

Gary
    $500 23
Sleep

Gary

Scores at the first commercial break (after clue 15):

Gary Linda Budd
$1,300 $1,500 $800

Scores at the end of the Jeopardy! Round:

Gary Linda Budd
$3,500 $3,200 $1,400

Double Jeopardy! Round responses

LITERATURE
SKATING ON FILM
AROUND WILLIAMSBURG
BLACK PROFILES IN COURAGE
(Alex: This was inspired by a book of the same title by one of our favorite celebrity participants, Kareem Abdul-Jabbar)
PHOTOGRAPHY
ANAGRAMMED THEORETICAL PHYSICISTS
(Alex: We want the last name only)
    $200 2
Huckleberry Finn

Linda
    $200 7
Tai Babalonia

Linda
    $200 1
Virginia

Linda
    $200 18
Amistad

Linda
    $200 16
Flashcubes

Triple Stumper
    $200 23
(Isaac) Newton

Gary
    $400 3
The Old Man And The Sea

Linda
    $400 8
The Mighty Ducks

Budd
    $400 12
Richmond

Budd
    $2,000 19
(Alex: Fairly obvious, wasn't it--1492.)

Christopher Columbus

Linda
    $400 17
Shutter

Linda
    $400 24
(minute to go, Gary...)

(Albert) Einstein

Triple Stumper
    $600 4
Pilgrims Progress

Gary
    $600 9
The Three Stooges

Linda
    $600 13
Jamestown

Budd
    $600 20
Frederick Douglass

Gary
    $600 28
(buzzer sounds)

Panoramic

Budd
    $600 25
(Enrico) Fermi

Linda
    $800 5
David Copperfield

Linda
    $800 10
Sonja Henie

Linda
    $800 14
William And Mary

Budd
    $800 21
Lord Cornwallis

Gary
    $800 26
(Stephen) Hawking

Linda
    $1000 6
Langston Hughes

Triple Stumper
    $1000 11
Ice Castles

Budd
    $1000 15
The Stamp Act

Triple Stumper
    $1000 22
Fort Smith

Triple Stumper
    $500 27
(L: Drawing a blank.)

(J. Robert) Oppenheimer

Linda

Scores at the end of the Double Jeopardy! Round:

Gary Linda Budd
$5,700 $9,900 $5,200

[wagering suggestions for these scores]

Final Jeopardy! Round responses

ISLANDS
[The Kodiak bear]
BuddWhat is an Aleustian?
$3,300
GaryWhat is the blerly?
$5,700
LindaWhat is Kodiak Island?
$2,000
Kodiak Island

Final scores:

Gary Linda Budd
$0 $11,900 $1,900
3rd place: Pair of Jaguar Friendship Watches New champion: $11,900 2nd place: Trip to Sandals Royal Bahamian Resort, Bahamas

Game dynamics:

Coryat scores:

Gary Linda Budd
$5,700 $8,200 $5,200
15 R,
1 W
23 R
(including 2 DDs),
2 W
(including 1 DD)
13 R,
2 W

Combined Coryat: $19,100

The J! Archive is created by fans, for fans. The Jeopardy! game show and all elements thereof, including but not limited to copyright and trademark thereto, are the property of Jeopardy Productions, Inc. and are protected under law. This website is not affiliated with, sponsored by, or operated by Jeopardy Productions, Inc. Join the discussion at JBoard.tv.